000 00911nam a22003017a 4500
003 CHAP
005 20220329135754.0
008 971013s1957 r 00010 d
010 _a41829
011 _a42801
035 _a46930
040 _cCHAP
082 _a621.483
_bM87
100 0 0 _aMurray, Raymond L.
_979831
245 _aNuclear reactor physics
260 _aEnglewood Cliffs, N.J. :
_bPrentice-Hall,
_c1957
300 _a317 p
590 _aBATCH-UPD
_b10
_c20130110
_lUCH01
_h0209
590 _aBATCH-UPD
_b10
_c20130110
_lUCH01
_h2321
590 _aBATCH-UPD
_b10
_c20130410
_lUCH01
_h1612
590 _aBATCH-UPD
_b10
_c20130914
_lUCH01
_h1641
590 _aCONVERSION
_b10
_c20130109
_lUCH01
_h1323
650 1 4 _aIngenierĂ­a nuclear.
_958268
650 1 4 _aReactores nucleares.
_994915
901 _aBK
942 _cLIBRO
949 _a621.483 M87
_bBC
_cLIBRO
_d33724000017174
_eLIBRO
_h18666
_i46930
_si
999 _c41829
_d41829